000 00696nam a22002297a 4500
003 KOHA_MİRAKIL
005 20260331113809.0
008 260331b tu ||||| |||| 00| 0 tur d
020 _a9789757871323
040 _aTR-AnABB
_btur
_cTR-AnABB
041 _atur
082 _a796.334092
_bBIZ 2011
245 0 0 _aKaptan Rıza (Mehmet Rıza Kuğu) :
_bBizde futbol /
_chazırlayanlar: Sevecen Tunç, Halit Güven
246 _aBizde futbol
260 _aTrabzon :
_bTAMEV,
_c2011
300 _a150 sayfa ;
_c21 cm
650 0 4 _aFutbol, biyografi
650 0 4 _aBiyografi, Mehmet Rıza Kuğu
700 1 _aTunç, Sevecen
_93257
700 1 _aGüven, Halit
_93258
942 _2ddc
_cBK
999 _c10116
_d10116
900 _bCan ÇELIK